Kuvavisa: Aasian suurimmat B:llä alkavat kaupungit - Statistics

Yleistilastot
  • Tätä visaa on pelattu 25 kertaa
  • Keskiarvotulos 8 / 16
Vastaustilastot
Kuvavisa Hint Vastaus % Oikein
🇮🇶 6 720 000 Bagdad
100%
🇮🇳 8 520 000 Bangalore
95%
🇹🇭 5 670 000 Bangkok
95%
🇱🇧 1 650 000 Beirut
95%
🇰🇷 3 180 000 Busan
74%
🇦🇿 1 230 000 Baku
68%
🇮🇩 2 390 000 Bandung
68%
🇰🇬 1 100 000 Biškek
68%
🇮🇳 1 890 000 Bhopāl
47%
🇮🇶 1 340 000 Basra
42%
🇹🇷 2 050 000 Bursa
37%
🇨🇳 1 940 000 Bǎodìng
5%
🇨🇳 1 110 000 Bǎojī
5%
🇨🇳 2 100 000 Bāotóu
5%
🇮🇩 2 330 000 Bekasi
5%
🇨🇳 1 080 000 Bèngbù
5%
Ehtoja vastaavia visoja ei löytynyt
Tulosjakauma
Jokaisen tuloksen saaneiden osuus
Persentiili vastausten määrän mukaan
Tuloshistoriasi
Et ole pelannut tätä visaa